Charles Péguy, Todos estamos en el frente. Textos de la obra en prosa escogidos por Hans Urs von Balthasar [Charles Péguy, Nous sommes tous sur le front. Textes en prose choisis par Hans Urs von Balthasar], Saint John Publications, 2023, texte gratuit, en version numérique uniquement. (notice n° 1603002)
[ vue normale ]
| 000 -LEADER | |
|---|---|
| fixed length control field | 00752cam a2200145 4500500 |
| 005 - DATE AND TIME OF LATEST TRANSACTION | |
| control field | 20251228091042.0 |
| 041 ## - LANGUAGE CODE | |
| Language code of text/sound track or separate title | fre |
| 042 ## - AUTHENTICATION CODE | |
| Authentication code | dc |
| 100 10 - MAIN ENTRY--PERSONAL NAME | |
| Personal name | Faguer, Nicolas |
| Relator term | author |
| 245 00 - TITLE STATEMENT | |
| Title | Charles Péguy, Todos estamos en el frente. Textos de la obra en prosa escogidos por Hans Urs von Balthasar [Charles Péguy, Nous sommes tous sur le front. Textes en prose choisis par Hans Urs von Balthasar], Saint John Publications, 2023, texte gratuit, en version numérique uniquement. |
| 260 ## - PUBLICATION, DISTRIBUTION, ETC. | |
| Date of publication, distribution, etc. | 2023.<br/> |
| 500 ## - GENERAL NOTE | |
| General note | 52 |
| 786 0# - DATA SOURCE ENTRY | |
| Note | Bulletin de l’Amitié Charles Péguy | 179-180 | 3 | 2023-05-08 | p. 415-416 | 0180-8567 |
| 856 41 - ELECTRONIC LOCATION AND ACCESS | |
| Uniform Resource Identifier | <a href="https://shs.cairn.info/revue-bulletin-de-lamitie-charles-peguy-2023-3-page-415?lang=fr&redirect-ssocas=7080">https://shs.cairn.info/revue-bulletin-de-lamitie-charles-peguy-2023-3-page-415?lang=fr&redirect-ssocas=7080</a> |
Pas d'exemplaire disponible.




Réseaux sociaux